Metodika tvorby a kontroly jmenných autorit ve formátu MARC21 osobní jména

Gespeichert in:
Bibliographische Detailangaben
1. Verfasser: Luffer, Jan
Format: Buch
Sprache:Tschechisch
Veröffentlicht: Praha Národní knihovna České republiky 2006
Schriftenreihe:Standardizace č. 28
Schlagworte:
Tags: Tag hinzufügen
Keine Tags, Fügen Sie das erste Tag hinzu!

MARC

LEADER 00000nam$a2200000$$$4500
001 0056322
005 20240313133204.3
020 |a 80-7050-507-9 
022 |a 1211-7366 
041 0 |a cze 
044 |a CZ 
245 1 0 |a Metodika tvorby a kontroly jmenných autorit ve formátu MARC21  |b osobní jména  |c Jan Luffer 
264 1 |a Praha  |b Národní knihovna České republiky  |c 2006 
300 |a 38 s. 
490 1 |a Standardizace  |v č. 28 
830 0 |a Standardizace  |v č. 28 
610 2 0 |a knihovníctvo 
610 2 0 |a katalógy knižničné 
610 2 0 |a štandardy 
610 2 0 |a metodika 
610 2 0 |a MARC 21 
100 1 |a Luffer, Jan